[Event "Baden-ch 94th"]
[Site "Forst"]
[Date "2022.10.01"]
[Round "2"]
[White "Eberhart, Erik"]
[Black "Ruff, Maximilian"]
[Result "0-1"]
[WhiteElo "1869"]
[BlackElo "2299"]
[PlyCount "106"]
[EventDate "2022.09.30"]
[EventType "swiss"]
[EventRounds "7"]
[EventCountry "GER"]
[SourceTitle "CBM 210 Extra"]
[Source "ChessBase"]
[SourceDate "2022.11.30"]
[SourceVersion "1"]
[SourceVersionDate "2022.11.30"]
[SourceQuality "1"]

1. e4 c5 2. Nf3 e6 3. d4 cxd4 4. Nxd4 a6 5. c4 Nf6 6. Bd3 Nc6 7. Nb3 Qc7 8. Nc3 Bb4 9. Bd2 Ne5 10. Qe2 Qd6 11. Nc1 Qd4 12. 0-0 Nxd3 13. Qxd3 Bxc3 14. Bxc3 Qxd3 15. Nxd3 Nxe4 16. Bxg7 Rg8 17. Bh6 b5 18. c5 Bb7 19. f3 Ng5 20. Kf2 Rg6 21. Bxg5 Rxg5 22. b4 Ke7 23. Rfd1 Rag8 24. Ne1 Rh5 25. h3 Rh4 26. Nc2 Rc4 27. Rd2 a5 28. a3 Ra8 29. Ne3 Rc3 30. Rad1 Bc6 31. Rd3 axb4 32. axb4 Ra2+ 33. Kg3 Rxd3 34. Rxd3 e5 35. Rb3 Ke6 36. f4 e4 37. Rb1 Re2 38. Rb3 Bd5 39. Ra3 Bc6 40. Rb3 f6 41. Kh4 Bd5 42. Ra3 Rb2 43. g4 Rxb4 44. g5 fxg5+ 45. Kxg5 Ra4 46. f5+ Ke5 47. Ng4+ Kd4 48. Re3 b4 49. f6 b3 50. Re1 b2 51. Ne3 Ba2 52. Nf5+ Kxc5 53. Ng7 Ra8 0-1